000 00387nam a22001577a 4500
003 MPLRDC
005 20220104124643.0
008 210129b ||||| |||| 00| 0 eng d
082 _a326.4 CSH
100 _a陈舜华编著
245 _a人造卫星与导弹
_c
260 _a
_b真知出版社
_c1970
300 _b
650 _a人造卫星及其轨道
942 _cBK
_o326.4 CSH
999 _c21062
_d21052